Normal view
MARC view
Entry Personal Name
001 - CONTROL NUMBER
- control field: 14815
003 - CONTROL NUMBER IDENTIFIER
- control field: BD-RjUL
005 - DATE AND TIME OF LATEST TRANSACTION
- control field: 20250119145600.0
008 - FIXED-LENGTH DATA ELEMENTS
- fixed length control field: 250119|| aca||aabn | a|a d
040 ## - CATALOGING SOURCE
- Original cataloging agency: BD-RjUL
- Transcribing agency: BD-RjUL
100 ## - HEADING--PERSONAL NAME
- Personal name: Kelly, Edward J
670 ## - SOURCE DATA FOUND
- Source citation: Work cat.: (BD-RjUL)84602: Kelly, Edward J., The accounting process /, 1956